Statistics for best receiver on each team

Click here to take the quiz!

General Stats

  • This quiz has been taken 5 times
  • The average score is 23 of 32

Answer Stats

HintAnswer% Correct
BillsDiggs
100%
VikingsJefferson
100%
RaidersAdams
80%
ChargersAllen
80%
eaglesBrown
80%
BengalsChase
80%
bucsEvans
80%
DolphinsHill
80%
CardinalsHopkins
80%
RamsKupp
80%
cowgirlslamb
80%
FalconsLondon
80%
commandersMcLaurin
80%
SeahawksMetcalf
80%
BearsMooney
80%
PanthersMoore
80%
SaintsOlave
80%
49ersSamuel
80%
BroncosSutton
80%
JetsWilson
80%
TitansWoods
80%
SteelersClaypool
60%
TexansCooks
60%
BrownsCooper
60%
JaguarsKirk
60%
PackersLazard
60%
ColtsPittman
60%
RavensBateman
40%
giantsGolladay
40%
chiefsJuju
40%
PatriotsMeyers
40%
LionsWilliams
20%

Score Distribution

Percentile by Number Answered

Percent of People with Each Score

Your Score History

You have not taken this quiz